000
00316nam a2200133Ia 4500
008
260604s9999 xx 000 0 und d
020
_a
9781805071266
082
_a
808.3 TAP
100
_a
Micaela Tapsell ;Kaley McKean
_9
35302
245
0
_a
How It Works: Water
260
_b
Usborne
500
_a
Water
942
_c
BK
999
_c
8073
_d
8073